La civilisation romaine
Bewaard in:
| Hoofdauteur: | |
|---|---|
| Formaat: | Boek |
| Taal: | Frans |
| Gepubliceerd in: |
París
B. Arthaud
1960
|
| Reeks: | Les grandes civilitations
|
| Onderwerpen: | |
| Tags: |
Voeg label toe
Geen labels, Wees de eerste die dit record labelt!
|
MARC
| LEADER | 00000nam a2200000 a 4500 | ||
|---|---|---|---|
| 001 | UCR2572 | ||
| 003 | CL-VaPUC | ||
| 008 | 980112e19600000FR |||||||||||||||||fre|d | ||
| 082 | 0 | 4 | |a 937 |b GRI |2 21 |
| 100 | |a Grimal, Pierre |e author |9 597164 | ||
| 245 | 1 | 3 | |a La civilisation romaine |
| 300 | |a 543 p | ||
| 942 | |c BK | ||
| 945 | |d 19980112 00:00:00 |a aolguin | ||
| 260 | |a París |b B. Arthaud |c 1960 | ||
| 650 | 0 | |a Civilización |9 255823 | |
| 650 | 0 | |a Historia |9 255047 | |
| 650 | 7 | |a ORIGEN |2 CL-VaPUC |9 373505 | |
| 650 | 7 | |a ORGANIZACION POLITICA |2 CL-VaPUC |9 257437 | |
| 650 | 0 | |a República |9 310048 | |
| 650 | 7 | |a IMPERIO |2 CL-VaPUC |9 255149 | |
| 650 | 0 | |a Población |9 257577 | |
| 650 | 7 | |a COSTUMBRE |2 CL-VaPUC |9 371254 | |
| 650 | 0 | |a Leyes |9 256670 | |
| 650 | 7 | |a TIERRAS |2 CL-VaPUC |9 357983 | |
| 650 | 0 | |a Villas |9 344644 | |
| 651 | 7 | |a IMPERIO ROMANO |2 CL-VaPUC |9 400551 | |
| 583 | |a last modification |c 19980112 00:00:00 |k Rodrigo Vera | ||
| 490 | 0 | |a Les grandes civilitations | |
| 999 | |c 265706 |d 265704 | ||
| 952 | |0 0 |1 0 |4 0 |6 937_000000000000000_GRI_1960 |7 0 |8 DER_ROM |9 296728 |a BIBDER |b BIBDER |d 2019-11-20 |i 1920367 |o 937 GRI 1960 |p 1920367 |r 2023-01-25 |w 2019-11-20 |x Ubicación 4to piso |y BK |z Este recurso debe solicitarse con anticipación |k DER | ||
| 952 | |0 0 |1 0 |4 0 |6 937_000000000000000_GRI_1960 |7 0 |8 A |9 296729 |a BIBHIS |b BIBHIS |d 2019-11-20 |i 1367935 |o 937 GRI 1960 |p 1367935 |r 2025-01-20 |w 2019-11-20 |y BK |k HIS | ||
| 952 | |0 0 |1 0 |4 0 |6 937_000000000000000_GRI_1960 |7 0 |8 A |9 296730 |a BIBHIS |b BIBHIS |d 2019-11-20 |i 1367943 |o 937 GRI 1960 |p 1367943 |r 2025-01-20 |w 2019-11-20 |y BK |k HIS | ||
| 952 | |0 0 |1 0 |4 0 |6 937_000000000000000_GRI_1960 |7 0 |8 A |9 296731 |a BIBHIS |b BIBHIS |d 2019-11-20 |i 1367951 |o 937 GRI 1960 |p 1367951 |r 2025-01-20 |w 2019-11-20 |y BK |k HIS | ||